| 000 | 00423 a2200181 4500 | ||
|---|---|---|---|
| 001 | 110350 | ||
| 020 | _a9788589854399 | ||
| 041 | _apor | ||
| 090 | _aYear 2 [E] | ||
| 100 | _aRosamel, Godeleine de. | ||
| 250 | _a. ed. | ||
| 697 | _aDrawing | ||
| 856 | _u000019/00001973.jpg | ||
| 040 |
_aBR-BrIDEA _cBR-BrIDEA |
||
| 245 | 1 | 0 |
_aOh! as mãos _c Godeleine de Rosamel |
| 260 |
_a[S.l.] _bAllestrade _c2008 |
||
| 942 | _cBK | ||
| 999 |
_c110350 _d110350 |
||